ბათუმის შოთა რუსთაველის სახელმწიფო უნივერსიტეტის ბიბლიოთეკა

წელათი / (ბიბ.ჩანაწერი № 58145)

000 -ლიდერი
ფიქსირებული სიგრძის საკონტროლო ველი 01527nam a22002897a 4500
003 - საკონტროლო ნომრის იდენტიფიკატორი
საკონტროლო ველი Ge_BSU
005 - ბოლო ოპერაციის თარიღი და დრო
საკონტროლო ველი 20210705115520.0
008 - ფიქსირებული სიგრძის მონაცემთა ელემენტები - ზოგადი ინფორმაცია
ფიქსირებული სიგრძის საკონტროლო ველი 210630s2021 ge ||||| |||| 00| 0 geo d
020 ## - წიგნის საერთაშორისო სტანდარტული ნომერი
International Standard Book Number 9789941269080
041 ## - ენის კოდი
Language code of text/sound track or separate title geo
080 ## - უნივერსალური ათობითი კლასიფიკაციის ინდექსი
Universal Decimal Classification number 94(479.223) + 821 ფ-97
100 ## - მთავარი ჩანაწერი - პიროვნების სახელი
Personal name ფუტკარაძე, თამაზ
9 (RLIN) 12161
245 ## - ცნობა სათაურის შესახებ
Title წელათი /
Statement of responsibility, etc თამაზ ფუტკარაძე, ზაურ ფუტკარაძე; რედ. ლიანა ფუტკარაძე, რუსუდან ვაშაყმაძე.
264 ## - წარმოების, გამოცემის, დისტრიბუციის და სხვა ცნობები
გამოცემის, წარმოების, დისტრიბუციის... ადგილი თბილისი :
გამოცემის, წარმოების, დისტრიბუციის... სახელწოდება უნივერსალი,
გამოცემის, წარმოების, დისტრიბუციის... თარიღი 2021.
300 ## - ფიზიკური აღწერა
Extent 279 გვ.:
Other physical details სურ.,
Dimensions 22 სმ.
501 ## - შენიშვნა თანმხლებ მასალაზე
With note ფოტო გვ. 263-274
504 ## - BIBLIOGRAPHY, ETC. NOTE
Bibliography, etc ბიბლიოგრ. გვ. 275-279
653 ## - INDEX TERM--UNCONTROLLED
Uncontrolled term სოფელი წელათი
653 ## - INDEX TERM--UNCONTROLLED
Uncontrolled term სოფელი შუბანი
653 ## - INDEX TERM--UNCONTROLLED
Uncontrolled term ისტორია
653 ## - INDEX TERM--UNCONTROLLED
Uncontrolled term ვაშაყმაძეთა გენიალოგია, ნათესაური განშტოებები
653 ## - INDEX TERM--UNCONTROLLED
Uncontrolled term ფუტკარაძეთა გენიალოგია, ნათესაური განშტოებები
700 ## - ADDED ENTRY--PERSONAL NAME
Personal name ფუტკარაძე, ზაურ
Relator term ავტორი
9 (RLIN) 7236
700 ## - ADDED ENTRY--PERSONAL NAME
Personal name ფუტკარაძე, ლიანა
Relator term რედაქტორი
9 (RLIN) 12162
700 ## - ADDED ENTRY--PERSONAL NAME
Personal name ვაშაყმაძე, რუსუდან
Relator term რედაქტორი
9 (RLIN) 12163
942 ## - ADDED ENTRY ELEMENTS (KOHA)
Source of classification or shelving scheme
Koha item type წიგნი
ეგზემპლარები
ჩამოწერის სტატუსი დაკარგული ეგზემპლარის სტატუსი კლასიფიკაციის წყარო ან თაროზე გაწყობის სქემა დაზიანების სტატუსი არ გაიცემა მუდმივი მდებარეობა (დაცვის ადგილი) ამჟამინდელი ადგილსამყოფელი თაროზე განთავსების ადგილი შეძენის თარიღი ღირებულება, შესყიდვის ნორმალური ფასი სრული შენახვის შიფრი შტრიხკოდი ბოლო ოპერაციის თარიღი ეგზემპლარის მიმდევრობითი ნომერი (კეტერი?) ფასის ძალაში შესვლის თარიღი ეგზემპლარის სახეობა საჯარო შენიშვნა
          ბათუმის შოთა რუსთაველის სახელმწიფო უნივერსიტეტის მთავარი ბიბლიოთეკა ბათუმის შოთა რუსთაველის სახელმწიფო უნივერსიტეტის მთავარი ბიბლიოთეკა წიგნსაცავი 2021-06-30 5.00 94(479.223) + 821 ფ-97 61434 2021-06-30 61434 2021-06-30 წიგნი 5 ლ.